[Event "SAIF POWERTEC 45th BAN Ch 2019"]
[Site "Dhaka"]
[Date "2019.11.09"]
[Round "8.12"]
[White "Zia, Tahsin Tajwar"]
[Black "Md, Sariatullah"]
[Result "1-0"]
[WhiteElo "2080"]
[BlackElo "2096"]
[Annotator "NA RC"]
[PlyCount "87"]
[EventDate "2019.11.02"]
[EventType "swiss"]
[EventCountry "BAN"]
[SourceTitle "playchess.com"]
[Source "ChessBase"]
[SourceQuality "1"]
[TimeControl "40/5400+30:1800+30"]

{[%evp 28,79,0,-23,32767,-20,0,-35,0,0,0,6,55,25,69,62,65,50,200,209,206,233,268,267,283,262,299,318,495,248,274,246,309,279,278,259,244,254,251,242,225,225,649,447,456,300,658,705,652,32767,32767,1065,29988,301]} 1. d4 {[%emt 1:30:30]} b6 {[%emt 1:30:30]} 2. e4 {[%emt 0:00:30]} Bb7 {[%emt 0:00:30]} 3. Bd3 {[%emt 0:00:30]} e6 {[%emt 0:00:30]} 4. Nd2 {[%emt 0:00:30]} c5 {[%emt 0:00:30]} 5. c3 {[%emt 0:00:30]} g6 {[%emt 0:00:30]} 6. Ne2 {[%emt 0:00:30]} cxd4 {[%emt 0:00:30]} 7. cxd4 {[%emt 0:00:30]} Bg7 {[%emt 0:00:30]} 8. O-O {[%emt 0:00:30]} Ne7 {[%emt 0:00:30]} 9. f4 {[%emt 0:00:30]} O-O {[%emt 0:00:30]} 10. Nf3 {[%emt 0:00:30]} f5 {[%emt 0:00:30]} 11. e5 {[%emt 0:00:30]} Nbc6 {[%emt 0:00:30]} 12. a3 {[%emt 0:00:30]} Rc8 {[%emt 0:00:30]} 13. Nc3 {[%emt 0:00:30]} a6 {[%emt 0:00:30]} 14. Be3 {[%emt 0:00:30]} Na5 {[%emt 0:00:30]} 15. Nd2 {[%emt 0:00:30]} d6 {[%emt 0:00:30]} 16. Qe2 {[%emt 0:00:30]} b5 {[%emt 0:00:30]} 17. Rac1 {[%emt 0:00:30]} Qd7 {[%emt 0:00:30]} 18. b4 {[%emt 0:00:30]} Nac6 {[%emt 0:00:30]} 19. Nf3 {[%emt 0:00:30]} h6 {[%emt 0:00:30]} 20. Rfd1 {[%emt 0:00:30]} Nd8 {[%emt 0:00:30]} 21. a4 {[%emt 0:00:30]} bxa4 {[%emt 0:00:30]} 22. Bxa6 {[%emt 0:00:30]} Rxc3 $2 {[%emt 0:00:30]} (22... Bxa6 $14 23. Qxa6 {[%mdl 64] Double Attack} Nf7) 23. Rxc3 {[%emt 0:00:30]} Nd5 {[%emt 0:00:30]} 24. Ra3 {[%emt 0:00:30]} Nxb4 {[%emt 0:00:30]} 25. Bxb7 {[%emt 0:00:30]} Nxb7 {[%emt 0:00:30]} 26. Rb1 {[%emt 0:00:30]} Nd5 {[%emt 0:00:30]} 27. Qa6 {[%emt 0:00:30]} Rb8 $2 {[%emt 0:00:30]} (27... Nd8 {is a better defense.} 28. Bd2 (28. exd6 Nf7 $18) (28. Qxd6 Qxd6 29. exd6 Nf7 $18) 28... dxe5 29. Nxe5 Bxe5) 28. exd6 {[%emt 0:00:30]} (28. Qa7 $142 Qc8 29. exd6) 28... Bf8 {[%emt 0:00:30]} 29. Bd2 {[%emt 0:00:30]} ({Don't take} 29. Qxa4 $6 Qxa4 30. Rxa4 Nc3 $18) 29... Bxd6 {[%emt 0:00:30]} 30. Rxa4 {[%emt 0:00:30]} Kg7 {[%emt 0:00:30]} 31. Raa1 {[%emt 0:00:30]} Nd8 {[%emt 0:00:30]} 32. Rxb8 {[%emt 0:00:30]} Bxb8 {[%emt 0:00:30]} 33. Ne5 {[%emt 0:00:30]} Bxe5 {[%emt 0:00:30]} 34. fxe5 {[%emt 0:00:30]} Nc7 $2 {[%emt 0:00:30]} (34... Nc6 35. Rb1 Nde7) 35. Qc4 {[%emt 0:00:30]} Nd5 {[%emt 0:00:30]} 36. Qc5 {[%emt 0:00:30]} Nf7 $2 {[%emt 0:00:30]} (36... Nc6 37. Ra6 Nde7) 37. Ra8 {[%emt 0:00:30]} g5 {[%emt 0:00:30]} 38. h3 {[%emt 0:00:30]} Qe7 {[%emt 0:00:30]} 39. Qc8 {[%emt 0:00:30]} h5 {[%emt 0:00:30]} 40. Qg8+ $18 {[%emt 0:00:30]} Kh6 {[%emt 0:00:30]} 41. h4 {[%emt 0:30:30]} f4 {[%emt 0:30:30]} 42. Re8 {[%emt 0:00:30]} Qd7 {[%emt 0:00:30]} 43. Rf8 {[%emt 0:00:30]} Qa7 {[%emt 0:00:30]} 44. Rxf7 {[%emt 0:00:30]} 1-0

[Event "SAIF POWERTEC 45th BAN Ch 2019"]
[Site "Dhaka"]
[Date "2019.11.10"]
[Round "9.1"]
[White "2, Bin-Sattar"]
[Black "Mohammad Fahad, Rahman"]
[Result "1/2-1/2"]
[WhiteElo "2417"]
[BlackElo "2247"]
[Annotator "TA"]
[PlyCount "35"]
[EventDate "2019.11.02"]
[EventType "swiss"]
[EventCountry "BAN"]
[SourceTitle "playchess.com"]
[Source "ChessBase"]
[SourceQuality "1"]

{[%evp 13,35,8,27,10,11,0,0,0,22,27,27,31,41,-7,-7,-7,0,2,0,-14,-11,-70,-65,-48]} 1. e4 c5 2. Nf3 d6 3. d4 cxd4 4. Nxd4 Nf6 5. Nc3 Nc6 6. Bc4 e6 7. Be3 a6 8. a3 {B89: Sicilian: Velimirovic Attack} (8. Bb3 Na5 9. f4 Qc7 10. g4 Nc4 11. Qe2 Nxb2 12. Bd2 Qc5 13. Nf5 exf5 14. exf5+ Be7 15. Rb1 O-O 16. Rxb2 Re8 17. Kd1 Bf8 {½-½ (41) Morozevich,A (2656)-Firouzja,A (2607) St Petersburg 2018}) 8... Qc7 9. Ba2 b5 10. f4 $146 {The position is equal.} ({Predecessor:} 10. f3 Na5 11. Qe2 Rb8 12. Nd1 e5 13. Nb3 Nc4 {½-½ (38) Stancil,K (2162)-Mohanty,K (2316) Philadelphia 2008}) 10... Bb7 11. f5 e5 12. Nxc6 Bxc6 13. Qd3 Qb7 {[%cal Rf6e4]} 14. Nd5 Nxd5 15. exd5 Bd7 16. g4 Be7 17. O-O-O (17. O-O $11) 17... b4 $15 18. axb4 1/2-1/2

[Event "SAIF POWERTEC 45th BAN Ch 2019"]
[Site "Dhaka"]
[Date "2019.11.10"]
[Round "9.2"]
[White "Hossain, Enamul"]
[Black "Mollah Abdullah, Al Rakib"]
[Result "1/2-1/2"]
[WhiteElo "2433"]
[BlackElo "2462"]
[Annotator "TA"]
[PlyCount "30"]
[EventDate "2019.11.02"]
[EventType "swiss"]
[EventCountry "BAN"]
[SourceTitle "playchess.com"]
[Source "ChessBase"]
[SourceQuality "1"]

{[%evp 11,30,0,26,19,24,10,11,16,21,22,26,22,77,71,75,28,66,11,17,14,33]} 1. e4 c6 2. Nc3 d5 3. Nf3 Bg4 4. h3 Bxf3 5. Qxf3 e6 6. d4 dxe4 7. Qxe4 {B11: Caro-Kann: Two Knights Variation} (7. Nxe4 Qxd4 8. Bd3 Nd7 9. c3 Qd5 10. Qg3 Ngf6 11. Nxf6+ Nxf6 12. Bc2 O-O-O 13. Be3 Qa5 14. O-O Nd5 15. Bd4 {0-1 (56) Nepomniachtchi,I (2775)-Mamedyarov,S (2765) Paris 2019}) 7... Nf6 8. Qd3 Na6 9. a3 Qa5 10. Rb1 Nc7 11. Be2 O-O-O (11... Bd6 $11 {remains equal.}) 12. O-O $16 Qf5 13. Rd1 {[#]} h6 $146 ({Predecessor:} 13... Be7 14. b3 Rd7 {½-½ (57) Mons,L (2464)-Le Roux,J (2572) Germany 2015}) 14. Bf3 (14. Qc4 $14) 14... Qxd3 $11 15. Rxd3 Bd6 {Accuracy: White = 54%, Black = 67%.} 1/2-1/2

[Event "SAIF POWERTEC 45th BAN Ch 2019"]
[Site "Dhaka"]
[Date "2019.11.10"]
[Round "9.3"]
[White "Murshed, Niaz"]
[Black "Mohammad, Javed"]
[Result "1-0"]
[WhiteElo "2400"]
[BlackElo "2141"]
[Annotator "TA"]
[PlyCount "75"]
[EventDate "2019.11.02"]
[EventType "swiss"]
[EventCountry "BAN"]
[SourceTitle "playchess.com"]
[Source "ChessBase"]
[SourceQuality "1"]

{[%evp 12,75,46,0,31,32,31,27,25,26,28,36,46,44,33,37,50,25,36,27,27,36,41,50,73,59,81,0,0,-2,31,18,14,14,14,10,9,27,45,16,105,105,156,162,197,202,232,215,295,287,425,439,629,618,793,777,752,714,1164,1200,1183,1176,2729,1997,5235,988]} 1. d4 Nf6 2. c4 e6 3. Nf3 b6 4. a3 Bb7 5. Nc3 Be7 6. d5 O-O 7. g3 exd5 {E12: Queen's Indian: Unusual White 4th moves, 4 a3, 4 Nc3 Bb7 5 a3 and 4 Nc3 Bb7} (7... b5 $5) 8. cxd5 b5 (8... Re8 9. Bg2 c5 10. O-O d6 11. b4 Nbd7 12. Bb2 a6 13. e4 b5 14. bxc5 Nxc5 15. Nd4 Qb6 {½-½ (33) Lupulescu,C (2640)-Abasov,N (2509) Al Ain 2014}) 9. Bg2 b4 {White has an edge.} 10. axb4 Bxb4 11. Nh4 a5 12. O-O Re8 13. Nf5 $146 {[%mdl 2048] Black is under pressure.} ({Predecessor:} 13. Re1 Ba6 14. e4 d6 15. Nf5 {1-0 (62) Rivera,A (2342)-Lora,J (2228) Medellin 2016}) 13... d6 14. e4 Nbd7 15. Be3 Ba6 16. Re1 Ne5 {White should prevent ...Nd3.} 17. Bd4 g6 18. Nh6+ Kg7 19. Ng4 ({White should try} 19. Qd2 $16) 19... Nfxg4 $11 20. Qxg4 {Threatening f4.} f6 21. Qd1 Nd3 22. Re2 Bc5 23. Bxc5 Nxc5 24. Re3 Rb8 25. Qc2 Nb3 {[#]} (25... Rb3 $11 {remains equal.}) 26. Ra3 $1 $16 {[%cal Ra3b3]} Nc5 (26... Nd4 $142 27. Qa4 {[%mdl 64] Double Attack} Nb5) 27. Rxa5 Rb4 28. Na2 Rb6 29. b4 Nd7 30. Rc3 f5 (30... Re7 {keeps fighting.} 31. Rxc7 Ne5) 31. Rxc7 $18 {White is clearly winning.} fxe4 (31... Re7 $142 32. b5 Bb7 33. Qc3+ Kg8) 32. Bh3 Rb7 33. Rxd7+ Rxd7 34. Bxd7 Bd3 35. Qc3+ Re5 36. Be6 Qb6 37. Nc1 Bb5 38. Qe3 {Accuracy: White = 76%, Black = 51%.} 1-0

[Event "SAIF POWERTEC 45th BAN Ch 2019"]
[Site "Dhaka"]
[Date "2019.11.10"]
[Round "9.4"]
[White "Rahman, Ziaur"]
[Black "Mohammad Minhaz Uddin"]
[Result "1-0"]
[WhiteElo "2454"]
[BlackElo "2322"]
[Annotator "TA"]
[PlyCount "41"]
[EventDate "2019.11.02"]
[EventType "swiss"]
[EventCountry "BAN"]
[SourceTitle "playchess.com"]
[Source "ChessBase"]
[SourceQuality "1"]

{[%evp 9,41,7,24,27,28,20,29,21,67,16,13,7,58,58,58,58,68,60,154,154,139,132,535,520,508,453,463,458,454,459,766,766,766,766]} 1. d4 Nf6 2. Bg5 e6 3. Nd2 h6 4. Bh4 c5 5. e4 cxd4 6. e5 {A45: Trompowsky Attack} g5 7. Bg3 Nd5 8. h4 {White has an edge.} gxh4 (8... Nc6 9. hxg5 Qxg5 10. Ngf3 Qd8 11. Bc4 d6 12. Bxd5 exd5 {1-0 (27) Vitiugov,N (2734)-Hou,Y (2658) Belokurikha 2018}) 9. Bxh4 (9. Rxh4 $14 Qb6 10. Nc4 Qb4+ 11. Qd2) 9... Qc7 $11 10. Ngf3 Nc6 (10... Rg8 $1 $11) 11. Bc4 $14 Nf4 $146 ({Predecessor:} 11... Nb6 12. Qe2 Nxc4 13. Nxc4 {1-0 (28) Tan,Z (2508)-Mohamad,E (2357) Makati 2018}) 12. Bg3 Ng6 13. Ne4 Ncxe5 (13... Bg7 $14) 14. Nxe5 ({Reject} 14. Qxd4 $6 Nxf3+ 15. gxf3 Qb6 $11) 14... Nxe5 15. Qxd4 d6 $2 {[%mdl 8192] [#]} (15... Bg7 $16) 16. Bb5+ $18 {White is clearly winning.} Bd7 17. Bxd7+ Kxd7 18. O-O-O Kc8 19. Rh3 Be7 (19... a5 $142 20. f4 (20. Nxd6+ Bxd6 21. Qxd6 Qxd6 $16) 20... Ng6) 20. Bxe5 dxe5 {[#]} 21. Qa4 $1 {Accuracy: White = 75%, Black = 40%.} 1-0

[Event "SAIF POWERTEC 45th BAN Ch 2019"]
[Site "Dhaka"]
[Date "2019.11.10"]
[Round "9.5"]
[White "Md., Sharif Hossain"]
[Black "Rahman, Taibur"]
[Result "0-1"]
[WhiteElo "2148"]
[BlackElo "2196"]
[Annotator "NA"]
[PlyCount "98"]
[EventDate "2019.11.02"]
[EventType "swiss"]
[EventCountry "BAN"]
[SourceTitle "playchess.com"]
[Source "ChessBase"]
[SourceQuality "1"]
[TimeControl "40/5400+30:1800+30"]

{[%evp 25,98,-43,-60,-68,-78,-89,-44,-39,-34,-43,-18,-28,-16,-40,-32,-28,-35,-90,-93,-92,-85,-96,-64,-85,-92,-100,-85,-264,-133,-198,-190,-197,-107,-190,-93,-149,-104,-121,-92,-109,-103,-133,-107,-122,-78,-80,-55,-121,-94,-96,-145,-399,-501,-935,-1012,-1254,-714,-665,-668,-1196,-833,-1425,-1831,32767,32767,-1702,-2347,-5727,-6395,-29966,-5964,-29994,-29994,-29998,-29999]} 1. e4 {[%emt 1:30:30]} c5 {[%emt 0:00:00]} 2. Nf3 {[%emt 0:00:00]} Nf6 {[%emt 0:00:02]} 3. Nc3 {[%emt 0:00:00]} d5 {[%emt 0:00:28]} 4. exd5 {[%emt 0:00:00]} Nxd5 {[%emt 0:00:06]} 5. Bb5+ {[%emt 0:00:00]} Bd7 {[%emt 0:00:35]} 6. Bc4 {[%emt 0:00:00] B29: Sicilian: 2 Nf3 Nf6 (Nimzowitsch Variation)} (6. Ne5 Bxb5 7. Qf3 f6 8. Nxb5 Na6 9. Qh5+ g6 10. Nxg6 hxg6 11. Qxh8 Qd7 12. Nc3 Nab4 13. O-O Nxc2 14. Rb1 {½-½ (54) Caruana,F (2816)-Mamedyarov,S (2808) Leuven 2018}) 6... Nf6 {[%emt 0:07:05]} 7. Ne5 {[%emt 0:00:00]} e6 {[%emt 0:00:19]} 8. O-O {[%emt 0:00:00]} Be7 {[%emt 0:01:12]} 9. f4 {[%emt 0:00:00]} Nc6 {[%emt 0:03:49]} 10. d3 {[%emt 0:00:00]} O-O $146 {[%emt 0:00:47]} ({Predecessor:} 10... a6 11. a4 Qc7 12. Nxd7 Qxd7 13. g4 O-O 14. Rf2 Nd5 15. Bd2 Nb6 16. Ba2 Nb4 17. a5 {0-1 (17) Somlai,L (2385)-Young,R (2300) New York 1993}) 11. Qf3 {[%emt 0:00:00]} a6 {[%emt 0:22:30]} 12. a4 {[%emt 0:00:00]} Qc7 {[%emt 0:04:01]} 13. Re1 {[%emt 0:00:00]} Nd4 {[%emt 0:04:24]} 14. Qd1 {[%emt 0:00:00]} b5 {[%emt 0:03:01]} 15. Ba2 {[%emt 0:00:00]} Bc6 {[%emt 0:02:01]} ({Don't play} 15... bxa4 16. Nxd7 Nxd7 17. Nxa4 $11) 16. Nxc6 {[%emt 0:00:00]} Qxc6 {[%emt 0:00:15]} 17. Ne4 {[%emt 0:00:00]} Rad8 {[%emt 0:02:42]} 18. c3 {[%emt 0:00:00]} Nf5 $1 {[%emt 0:07:49]} 19. Qf3 {[%emt 0:00:00]} Qd7 {[%emt 0:04:34]} 20. axb5 {[%emt 0:00:00]} axb5 {[%emt 0:00:09]} 21. Nxf6+ {[%emt 0:00:00]} Bxf6 {[%emt 0:00:22]} 22. Bb1 {[%emt 0:00:00]} b4 {[%emt 0:01:35]} 23. Bd2 {[%emt 0:00:00]} Ne7 {[%emt 0:03:01]} 24. Qe4 {[%emt 0:00:00]} bxc3 {[%emt 0:12:20]} 25. bxc3 {[%emt 0:00:00]} g6 {[%emt 0:02:10]} 26. Ra4 $2 {[%emt 0:00:00] [#]} (26. Qa4 $17) 26... Nd5 {[%emt 0:02:48]} (26... Bd4+ $1 $19 {[%mdl 512]} 27. cxd4 Qxa4 28. dxc5 Qxe4 29. Rxe4 Rb8) 27. Rc4 {[%emt 0:00:00]} (27. Rc1 $17 {was called for.}) 27... Qb5 {[%emt 0:01:01]} 28. Qe2 {[%emt 0:00:00] [#]} Rc8 {[%emt 0:02:33]} (28... Ra8 $1 $19 {is more deadly.} 29. d4 Ra1) 29. Rc1 {[%emt 0:14:00] [#]} (29. d4 $17 {was called for.}) 29... Rfd8 {[%emt 0:02:26]} ({Black should try} 29... Ra8 $1 $19 30. Bc2 Ra2) 30. Qd1 {[%emt 0:00:00]} Rb8 {[%emt 0:03:54]} 31. Bc2 {[%emt 0:00:00]} Qa5 {[%emt 0:01:45]} 32. Ra1 {[%emt 0:00:00]} Qb6 {[%emt 0:01:48]} 33. Kh1 {[%emt 0:00:00]} Qd6 {[%emt 0:00:10]} 34. Qc1 {[%emt 0:00:00]} Rb7 {[%emt 0:00:43]} 35. Ra5 {[%emt 0:00:00]} Rc8 {[%emt 0:00:19]} 36. Qa3 {[%emt 0:00:00]} ({White should play} 36. d4 $15) 36... Rbc7 {[%emt 0:00:18]} 37. g3 {[%emt 0:00:00]} h5 {[%emt 0:05:28]} 38. d4 $2 {[%emt 0:00:00] [#]} (38. Qb3 $17 {is a better defense.}) 38... Ne3 $1 {[%emt 0:01:19] Double Attack} 39. Rcxc5 {[%emt 0:05:19]} (39. Bxe3 $142 Qd5+ {[%mdl 64] Double Attack} 40. Kg1 Qxc4 41. dxc5) 39... Nxc2 {[%emt 0:04:24]} 40. Rxc7 {[%emt 0:00:00]} Nxa3 {[%emt 0:00:00]} 41. Rxc8+ {[%emt 0:04:56]} Kg7 {[%emt 0:00:51]} 42. Be3 {[%emt 0:01:18]} Qb6 {[%emt 0:01:21]} 43. Raa8 {[%emt 0:00:58]} Qb1+ {[%emt 0:02:09]} 44. Kg2 {[%emt 0:00:08]} Qe4+ {[%emt 0:32:11]} 45. Kf2 {[%emt 0:00:21]} Nc2 {[%emt 0:00:06]} 46. Bd2 {[%emt 0:01:20]} Qd3 {[%emt 0:00:53]} 47. Bc1 {[%emt 0:00:11]} Qd1 {[%emt 0:01:53]} 48. Ba3 {[%emt 0:01:17]} Qe1+ {[%emt 0:31:11]} 49. Kf3 {[%emt 0:01:44]} Qf1+ {[%emt 0:00:18]} 0-1

[Event "SAIF POWERTEC 45th BAN Ch 2019"]
[Site "Dhaka"]
[Date "2019.11.10"]
[Round "9.6"]
[White "Manon, Reja Neer"]
[Black "Islam, Khandaker Aminul"]
[Result "1-0"]
[WhiteElo "2030"]
[BlackElo "2229"]
[Annotator "TA"]
[PlyCount "33"]
[EventDate "2019.11.02"]
[EventType "swiss"]
[EventCountry "BAN"]
[SourceTitle "playchess.com"]
[Source "ChessBase"]
[SourceQuality "1"]

{[%evp 9,47,-58,-51,-47,-12,-85,16,-87,165,163,264,268,346,206,184,81,87,86,88,89,81,62,346,352,307,245,250,256,516,524,504,495,796,677,606,281,289,260,440,434]} 1. e4 e5 2. f4 exf4 3. Nf3 Nf6 4. Nc3 d5 5. e5 (5. exd5 Nxd5 6. Nxd5 Qxd5 7. d4 Bg4 8. Bxf4 Nc6 9. Bxc7 Be7 10. c3 O-O 11. Be2 b5 12. O-O b4 13. c4 Qd7 14. Bg3 Bf6 15. Ne5 Bxe2 16. Nxd7 Bxd4+ {1-0 (53) Jenni,F (2454)-Ragger,M (2687) Skopje 2018}) 5... Nh5 6. d4 {C34: King's Gambit Accepted: 3 Nf3: 3...Nf6 and 3...d6} g5 {Black wants to play ...g4.} 7. Bd3 (7. Ng1 $11 {remains equal.} g4 8. Nh3 $1 {[%mdl 512]}) 7... Ng7 $146 (7... g4 $17 8. O-O c5) ({Predecessor:} 7... g4 8. O-O gxf3 9. Qxf3 Ng7 10. Nxd5 Be7 11. c3 Be6 12. Nxf4 Qc8 {½-½ (47) Klein,L (1779)-De Melo,T (1974) Itajai 2017}) 8. O-O (8. h4 $11 {keeps the balance.}) 8... Nc6 $2 {[%mdl 8192] [#]} (8... h6 $17 {and life is bright.}) 9. Nxg5 $1 $18 Qxg5 (9... Be7 $142) 10. Nxd5 Ne6 11. Nf6+ (11. Rxf4 $142 h5 12. Rf2) 11... Kd8 12. Ne4 (12. Be4 $18) 12... Qg7 $16 13. d5 Rg8 {[%csl Gg8][%cal Rg7g2]} 14. Rf2 Ng5 15. Nxg5 Bc5 $2 {[%mdl 8192]} (15... Nxe5 $14 16. d6 (16. Bxf4 Bc5 $11) 16... f6 17. Nxh7 Bxd6 18. Bxf4 Ng4) 16. dxc6 $18 Qxg5 {[%csl Gg8][%cal Rg5g2]} 17. Be4+ {Played: Bd3xh7} 1-0

[Event "SAIF POWERTEC 45th BAN Ch 2019"]
[Site "Dhaka"]
[Date "2019.11.10"]
[Round "9.7"]
[White "Anata, Choudhury"]
[Black "Mehdi Hasan Parag"]
[Result "1/2-1/2"]
[WhiteElo "2159"]
[BlackElo "2162"]
[Annotator "TA"]
[PlyCount "97"]
[EventDate "2019.11.02"]
[EventType "swiss"]
[EventCountry "BAN"]
[SourceTitle "playchess.com"]
[Source "ChessBase"]
[SourceQuality "1"]

{[%evp 14,97,30,8,52,35,51,43,49,38,44,47,39,52,41,22,0,-14,18,18,33,39,44,48,56,48,49,48,49,37,42,41,45,28,37,0,13,0,39,7,123,0,0,0,63,63,47,51,83,40,50,40,69,75,82,54,76,77,94,88,91,87,95,87,94,47,45,0,94,94,90,85,87,78,79,0,0,0,66,0,0,0,75,0,0,0]} 1. e4 c6 2. d4 d5 3. Nd2 {[%cal Bb1d2,Bd2e4,Be4g3,Bg3h5][%mdl 32]} dxe4 4. Nxe4 Bf5 5. Ng3 Bg6 6. N1e2 e6 7. Nf4 Bd6 8. c3 Qc7 {B18: Classical Caro-Kann: 4...Bf5 sidelines} (8... Nf6 9. h4 Bxf4 10. Bxf4 h6 11. h5 Bh7 12. Bc4 O-O 13. O-O a5 14. Qf3 Nbd7 15. Rad1 a4 16. Be2 Re8 {1-0 (39) Svidler,P (2729)-Esipenko,A (2624) Khanty-Mansiysk 2019}) 9. Ngh5 Kf8 10. Qf3 {[#] And now Nxe6+ would win.} Qe7 {White is slightly better.} 11. Bc4 {aiming for Nxe6+.} Nf6 12. Nxf6 Qxf6 13. Be3 $146 ({Predecessor:} 13. h4 e5 14. dxe5 Qxe5+ 15. Be3 Be4 16. Qg3 Nd7 17. O-O-O Bd5 18. Nxd5 Qxg3 19. fxg3 cxd5 20. Bxd5 Nc5 21. b4 Na4 22. Bb3 {1-0 (22) Rasmussen,K (2435)-Jelling,E (2415) Denmark 1997}) 13... Nd7 14. O-O-O Nb6 15. Bb3 Kg8 16. c4 Bxf4 17. Qxf4 Qxf4 18. Bxf4 Rc8 19. a4 {[%cal Ba2a4,Ba4a5][%mdl 32]} h5 20. a5 Nd7 21. Rhe1 h4 22. Bc2 Kh7 23. Bd6 b6 24. axb6 axb6 25. b3 h3 26. g4 b5 (26... Nf6 $11 {keeps the balance.}) 27. Kb2 (27. Re3 $16) 27... bxc4 $11 28. bxc4 Nb6 (28... Rhd8 $11) 29. Bb3 $14 Rhd8 30. Bc5 $36 {[%mdl 2048] White is more active.} Nd7 31. Be7 Re8 32. Bd6 Nf6 33. f3 Rcd8 34. Bg3 Re7 35. Kc3 Ra7 36. Ra1 Rda8 37. Rxa7 Rxa7 38. Bd6 Nd7 39. Kb4 Rb7+ 40. Kc3 Ra7 $1 41. Rg1 Kg8 42. Rg3 Ra1 43. Rxh3 Rc1+ 44. Kd2 Rb1 45. Kc3 Rc1+ $1 46. Kd2 Rb1 47. Kc3 Rc1+ $1 48. Kd2 ({Better is} 48. Kb4 $16) 48... Rb1 $11 49. Kc3 {Accuracy: White = 49%, Black = 60%.} 1/2-1/2

[Event "SAIF POWERTEC 45th BAN Ch 2019"]
[Site "Dhaka"]
[Date "2019.11.10"]
[Round "9.8"]
[White "Abu Sufian, Shakil"]
[Black "Ahmed, Sheikh Nasir"]
[Result "1/2-1/2"]
[WhiteElo "2254"]
[BlackElo "2186"]
[Annotator "TA"]
[PlyCount "39"]
[EventDate "2019.11.02"]
[EventType "swiss"]
[EventCountry "BAN"]
[SourceTitle "playchess.com"]
[Source "ChessBase"]
[SourceQuality "1"]

{[%evp 25,39,0,0,0,0,0,0,0,0,0,0,0,0,0,0,0]} 1. e4 c5 2. Nf3 e6 3. d4 cxd4 4. Nxd4 Nc6 5. Nc3 Qc7 6. Be2 Nf6 7. O-O Be7 8. Be3 O-O 9. f4 d6 10. Qe1 Nxd4 11. Bxd4 e5 12. fxe5 dxe5 13. Qg3 Bc5 {The position is equal.} 14. Bxc5 {B83: Sicilian Scheveningen: 6 Be2, lines without ...a6} Qxc5+ 15. Kh1 {[#] Hoping for Rxf6.} Kh8 16. Rxf6 gxf6 17. Qh4 Rg8 $1 18. Qxf6+ Rg7 {[#]} 19. Qd8+ $146 ({Predecessor:} 19. Rd1 Be6 20. Rd8+ Rxd8 21. Qxd8+ Rg8 22. Qf6+ {½-½ (24) Zelcic,R (2508)-Stevic,H (2589) Zagreb 2018}) 19... Rg8 20. Qf6+ 1/2-1/2

[Event "SAIF POWERTEC 45th BAN Ch 2019"]
[Site "Dhaka"]
[Date "2019.11.10"]
[Round "9.9"]
[White "Chatterjee, Debaraj"]
[Black "Zia, Tahsin Tajwar"]
[Result "0-1"]
[WhiteElo "2250"]
[BlackElo "2080"]
[Annotator "NA"]
[PlyCount "40"]
[EventDate "2019.11.02"]
[EventType "swiss"]
[EventCountry "BAN"]
[SourceTitle "playchess.com"]
[Source "ChessBase"]
[SourceQuality "1"]
[TimeControl "40/5400+30:1800+30"]

{[%evp 17,40,28,21,17,25,23,24,12,19,14,31,-36,-34,-35,11,11,11,10,13,22,27,11,12,-8,0]} 1. d4 {[%emt 0:01:04]} d5 {[%emt 0:00:00]} 2. c4 {[%emt 0:00:23]} e6 {[%emt 0:00:00]} 3. Nf3 {[%emt 0:00:09]} Nf6 {[%emt 0:00:00]} 4. g3 {[%emt 0:00:10]} Bb4+ {[%emt 0:00:00]} 5. Bd2 {[%emt 0:00:54]} Be7 {[%emt 0:00:00]} 6. Bg2 {[%emt 0:00:12]} O-O {[%emt 0:00:00]} 7. O-O {[%emt 0:00:08]} Nbd7 {[%emt 0:00:00]} 8. Qc2 {[%emt 0:00:35]} Ne4 {[%emt 0:00:05]} 9. Bf4 {[%emt 0:00:40]} c6 {[%emt 0:00:04]} 10. h4 {[%emt 0:00:15] E08: Closed Catalan: Main Line: 7 Qc2} Ndf6 {[%emt 0:00:06]} 11. Nbd2 {[%emt 0:05:31]} Nxd2 {[%emt 0:01:16]} 12. Nxd2 {[%emt 0:02:13] White has an edge.} (12. Bxd2 {seems wilder.} b6 13. Ne5 Bb7 14. b4 Nd7 15. Nxd7 Qxd7 16. c5) 12... Nh5 {[%emt 0:00:09]} 13. e3 $146 {[%emt 0:15:25]} ({Predecessor:} 13. Be3 f5 14. Bf3 Qe8 15. Bg5 Nf6 16. e3 b6 17. Rac1 Ba6 {½-½ (43) Meier,G (2648)-Carlsen,M (2843) Karlsruhe/Baden-Baden 2018}) 13... h6 {[%emt 0:08:47]} 14. Bf3 {[%emt 0:02:13]} (14. Nf3 $14) 14... Nxf4 $15 {[%emt 0:00:14]} 15. exf4 {[%emt 1:07:38]} dxc4 {[%emt 0:02:11]} 16. Qxc4 {[%emt 0:00:30]} Bf6 {[%emt 1:25:08]} 17. Nb3 $1 {[%emt 0:00:00]} a5 {With the idea ...a4.} 18. Rfd1 {[%emt 0:01:00]} Qb6 {[%emt 0:01:00]} 19. Nc5 {[%emt 0:00:30]} Rd8 {[%emt 0:00:30]} ({Don't go for} 19... Qxb2 $2 20. Rab1 $16) 20. Rd2 {[%emt 0:00:00]} Qb4 {[%emt 0:00:00] Accuracy: White = 47%, Black = 71%.} 0-1